On This Day: April 3rd II Quiz Stats

 Plays Quiz Updated Apr 3, 2018

Score 0/7 Timer 03:00
1 Play Today
Question Answer Wrong Answers
This English primatologist and anthropologist, considered to be the world's foremost expert on chimpanzees, is born.
1934
Jane Goodall
93.2%
David Attenborough
2.9%
Rosalind Franklin
1.3%
Richard Dawkins
2.2%
The first news stories about ‘The ______ Papers’ are published, revealing financial and attorney–client information for more than 214,488 offshore companies.
2016
Panama
79%
Brazil
3.6%
Colombia
7.9%
Jamaica
6.8%
This American outlaw, who gained national fame as a robber of banks, stagecoaches, and trains across the Midwest, is killed by Robert Ford, a new recruit to his gang.
1882
Jesse James
77.5%
Billy the Kid
16.5%
Butch Cassidy
4.7%
Doc Holliday
1.3%
This multinational technology company is ruled to have violated US antitrust law by keeping ‘an oppressive thumb’ on its competitors, specifically in its handling of operating system and web browser sales.
2000
Microsoft
69.6%
Apple
13%
IBM
11.5%
Dell
3.4%
Martin Cooper of this American telecommunications company makes the first handheld mobile phone call to Joel S. Engel of Bell Labs, his rival.
1973
Motorola
68.3%
Samsung
5.2%
Nokia
13%
BlackBerry
11.5%
Secretary of Defense Melvin Laird announces that the US will start to ‘______’ the war effort by expanding South Vietnamese forces and reducing the number of US combat troops.
1969
Vietnamize
60%
Americanize
20%
Nixonize
9.1%
Revolutionize
9.3%
In Jeju Province, ______, a civil-war-like period of anti-communist suppression and human rights abuses begins, known as the Jeju uprising.
1948
South Korea
57.4%
Japan
20.6%
Pakistan
15.2%
Turkey
5.8%

You're not logged in!

Compare scores with friends on all Sporcle quizzes.
OR
Log In

Sporcle TV

Today on Sporcle TV


Watch our educational content, quiz creation guides, and fun videos on Sporcle TV.

Show Comments

Extras

Top Quizzes Today


Score Distribution

Your Account Isn't Verified!

In order to create a playlist on Sporcle, you need to verify the email address you used during registration. Go to your Sporcle Settings to finish the process.

Report this User

Report this user for behavior that violates our Community Guidelines.

Details: